000 00563nam a22001817a 4500
008 160708b xxu||||| |||| 00| 0 eng d
020 _a9718210067
082 _22000
_aDFil 332.1
_bM46
100 _911055
_aMedina, Roberto G.
245 _aMoney, credit and banking/
_cRoberto G. Medina
260 _aValenzuela City:
_bMega-Jesta Prints, Inc.,
_cc2000.
300 _a255 pages:
_billustrations;
_c25 cm.
500 _aInclude appendix and index.
650 0 _911056
_aMoney
650 0 _911057
_aCredit
650 0 _911058
_aBanks and banking
942 _2ddc
_cDFIL
999 _c3314
_d3314